Sức mạnh của khối đại đoàn kết toàn dân trong Cách mạng Tháng Tám 1945 - minh chứng của triết lý Hồ Chí Minh về chủ thể chính trị /
Сохранить в:
| Главный автор: | |
|---|---|
| Другие авторы: | |
| Формат: | Статья |
| Язык: | Vietnamese |
| Предметы: | |
| Метки: |
Добавить метку
Нет меток, Требуется 1-ая метка записи!
|
| Thư viện lưu trữ: | Thư viện Trường Đại học Đà Lạt |
|---|
| LEADER | 00987nam a2200277 4500 | ||
|---|---|---|---|
| 001 | DLU170181661 | ||
| 005 | ##20171031 | ||
| 040 | # | # | |a DLU |b vie |
| 041 | # | # | |a vie |
| 044 | # | # | |a vn |
| 100 | # | # | |a Phan Duy Anh. |
| 245 | # | # | |a Sức mạnh của khối đại đoàn kết toàn dân trong Cách mạng Tháng Tám 1945 - minh chứng của triết lý Hồ Chí Minh về chủ thể chính trị / |c Phan Duy Anh, Bùi Thanh Xuân. |
| 653 | # | # | |a Đại đoàn kết |
| 653 | # | # | |a Bảo vệ tổ quốc |
| 653 | # | # | |a Cách mạng Tháng Tám |
| 653 | # | # | |a Xây dựng đất nước |
| 700 | # | # | |a Bùi Thanh Xuân. |
| 773 | # | # | |t Tạp chí Khoa học xã hội Thành phố Hồ Chí Minh |g Số 8(204), 2015, tr. 58-63 |
| 920 | # | # | |a Phòng Tạp chí -- Trung tâm Thông tin - Thư viện Trường Đại học Đà Lạt |
| 900 | # | # | |a True |
| 911 | # | # | |a Hoàng Thị Huyền |
| 925 | # | # | |a G |
| 926 | # | # | |a A |
| 927 | # | # | |a BB |
| 980 | # | # | |a Thư viện Trường Đại học Đà Lạt |